[Event "DEM U12 2021"]
[Site "Willingen GER"]
[Date "2021.08.24"]
[Round "3"]
[White "Dorendorf, Mika"]
[Black "Helms, Finn"]
[Result "0-1"]
[Termination "normal"]
[Board "1"]
[WhiteElo "1492"]
[BlackElo "1972"]
[WhiteClock "01:10:03"]
[BlackClock "00:41:54"]
[PlyCount "44"]
[WhiteFideId "16283066"]
[BlackFideId "16249143"]
[EventCountry "GER"]
[EventRounds "9"]
[EventType "swiss"]
[EventDate "2021.08.22"]

1. d4 {[%clk 01:30:58]} {[%emt 00:00:01]} Nf6 {[%clk 01:30:54]} {[%emt
00:00:06]} 2. c4 {[%clk 01:31:05]} {[%emt 00:00:23]} g6 {[%clk 01:31:20]}
{[%emt 00:00:04]} 3. Nc3 {[%clk 01:30:56]} {[%emt 00:00:40]} d5 {[%clk
01:31:44]} {[%emt 00:00:05]} 4. cxd5 {[%clk 01:31:23]} {[%emt 00:00:03]} Nxd5
{[%clk 01:32:11]} {[%emt 00:00:03]} 5. e4 {[%clk 01:31:47]} {[%emt 00:00:06]}
Nxc3 {[%clk 01:32:34]} {[%emt 00:00:07]} 6. bxc3 {[%clk 01:32:15]} {[%emt
00:00:02]} Bg7 {[%clk 01:32:53]} {[%emt 00:00:10]} 7. Qa4+ {[%clk 01:32:21]}
{[%emt 00:00:25]} c6 {[%clk 01:23:31]} {[%emt 00:09:51]} 8. Be3 {[%clk
01:28:54]} {[%emt 00:03:57]} O-O {[%clk 01:22:56]} {[%emt 00:01:05]} 9. Be2
{[%clk 01:28:48]} {[%emt 00:00:36]} c5 {[%clk 01:22:02]} {[%emt 00:01:25]} 10.
Nf3 {[%clk 01:28:08]} {[%emt 00:01:10]} Nc6 {[%clk 01:21:51]} {[%emt 00:00:41]}
11. O-O {[%clk 01:28:03]} {[%emt 00:00:34]} cxd4 {[%clk 01:21:32]} {[%emt
00:00:48]} 12. cxd4 {[%clk 01:28:21]} {[%emt 00:00:12]} Bg4 {[%clk 01:19:26]}
{[%emt 00:02:35]} 13. Rfd1 {[%clk 01:27:27]} {[%emt 00:01:24]} Qd7 {[%clk
01:05:29]} {[%emt 00:14:28]} 14. Bb5 {[%clk 01:26:00]} {[%emt 00:01:57]} Bxf3
{[%clk 01:03:01]} {[%emt 00:02:58]} 15. gxf3 {[%clk 01:25:21]} {[%emt
00:01:08]} Qh3 {[%clk 00:59:13]} {[%emt 00:04:17]} 16. Be2 {[%clk 01:25:25]}
{[%emt 00:00:26]} Rad8 {[%clk 00:57:44]} {[%emt 00:01:59]} 17. Rab1 {[%clk
01:24:42]} {[%emt 00:01:13]} Rd7 {[%clk 00:51:34]} {[%emt 00:06:40]} 18. Rb3
{[%clk 01:19:45]} {[%emt 00:05:27]} Qh4 {[%clk 00:45:08]} {[%emt 00:06:55]} 19.
d5 {[%clk 01:16:37]} {[%emt 00:03:38]} Ne5 {[%clk 00:43:52]} {[%emt 00:01:47]}
20. Qxa7 {[%clk 01:11:27]} {[%emt 00:05:41]} f5 {[%clk 00:41:18]} {[%emt
00:03:04]} 21. f4 {[%clk 01:09:51]} {[%emt 00:02:06]} Ng4 {[%clk 00:41:26]}
{[%emt 00:00:21]} 22. Bxg4 {[%clk 01:10:03]} {[%emt 00:00:18]} Qxg4+ {[%clk
00:41:54]} {[%emt 00:00:02]} 0-1

[Event "DEM U12 2021"]
[Site "Willingen GER"]
[Date "2021.08.24"]
[Round "3"]
[White "Malinowsky, Levi"]
[Black "Braun, Julian"]
[Result "1-0"]
[Termination "normal"]
[Board "2"]
[WhiteElo "1593"]
[BlackElo "1436"]
[WhiteClock "00:37:25"]
[BlackClock "00:29:50"]
[PlyCount "119"]
[WhiteFideId "16253094"]
[BlackFideId "16289293"]
[EventCountry "GER"]
[EventRounds "9"]
[EventType "swiss"]
[EventDate "2021.08.22"]

1. e4 {[%clk 01:30:57]} {[%emt 00:00:02]} e5 {[%clk 01:30:59]} {[%emt
00:00:01]} 2. Nf3 {[%clk 01:31:18]} {[%emt 00:00:09]} Nc6 {[%clk 01:31:26]}
{[%emt 00:00:03]} 3. Bb5 {[%clk 01:31:37]} {[%emt 00:00:11]} a6 {[%clk
01:31:51]} {[%emt 00:00:05]} 4. Ba4 {[%clk 01:31:59]} {[%emt 00:00:07]} Nf6
{[%clk 01:32:15]} {[%emt 00:00:06]} 5. O-O {[%clk 01:32:07]} {[%emt 00:00:21]}
Be7 {[%clk 01:32:40]} {[%emt 00:00:06]} 6. Re1 {[%clk 01:32:04]} {[%emt
00:00:32]} b5 {[%clk 01:33:05]} {[%emt 00:00:06]} 7. Bb3 {[%clk 01:32:06]}
{[%emt 00:00:27]} d6 {[%clk 01:33:26]} {[%emt 00:00:11]} 8. h3 {[%clk
01:31:37]} {[%emt 00:00:58]} O-O {[%clk 01:33:25]} {[%emt 00:00:31]} 9. c3
{[%clk 01:31:19]} {[%emt 00:00:49]} Nb8 {[%clk 01:33:46]} {[%emt 00:00:09]} 10.
d4 {[%clk 01:30:52]} {[%emt 00:00:56]} Nbd7 {[%clk 01:34:05]} {[%emt 00:00:11]}
11. c4 {[%clk 01:29:54]} {[%emt 00:01:29]} b4 {[%clk 01:31:10]} {[%emt
00:03:25]} 12. Qc2 {[%clk 01:21:40]} {[%emt 00:08:44]} Bb7 {[%clk 01:30:00]}
{[%emt 00:01:41]} 13. c5 {[%clk 01:17:11]} {[%emt 00:04:59]} dxc5 {[%clk
01:28:04]} {[%emt 00:02:26]} 14. dxe5 {[%clk 01:16:50]} {[%emt 00:00:50]} Nxe4
{[%clk 01:27:11]} {[%emt 00:01:23]} 15. Rxe4 {[%clk 01:16:44]} {[%emt
00:00:36]} Bxe4 {[%clk 01:27:37]} {[%emt 00:00:04]} 16. Qxe4 {[%clk 01:16:55]}
{[%emt 00:00:19]} Nb6 {[%clk 01:27:15]} {[%emt 00:00:52]} 17. Nbd2 {[%clk
01:15:20]} {[%emt 00:02:05]} a5 {[%clk 01:22:22]} {[%emt 00:05:23]} 18. Nc4
{[%clk 01:13:03]} {[%emt 00:02:47]} Nxc4 {[%clk 01:20:49]} {[%emt 00:02:02]}
19. Qxc4 {[%clk 01:13:09]} {[%emt 00:00:24]} a4 {[%clk 01:18:31]} {[%emt
00:02:49]} 20. Bc2 {[%clk 01:13:29]} {[%emt 00:00:10]} c6 {[%clk 01:15:20]}
{[%emt 00:03:41]} 21. Qg4 {[%clk 01:06:13]} {[%emt 00:07:46]} g6 {[%clk
01:09:50]} {[%emt 00:06:01]} 22. Bg5 {[%clk 01:04:21]} {[%emt 00:02:21]} Bxg5
{[%clk 01:09:37]} {[%emt 00:00:44]} 23. Nxg5 {[%clk 01:04:04]} {[%emt
00:00:47]} Qd4 {[%clk 01:08:40]} {[%emt 00:01:26]} 24. Qxd4 {[%clk 00:58:39]}
{[%emt 00:05:55]} cxd4 {[%clk 01:09:09]} {[%emt 00:00:02]} 25. Rd1 {[%clk
00:58:35]} {[%emt 00:00:34]} h6 {[%clk 01:08:21]} {[%emt 00:01:18]} 26. Ne4
{[%clk 00:57:46]} {[%emt 00:01:18]} c5 {[%clk 01:07:00]} {[%emt 00:01:52]} 27.
Bd3 {[%clk 00:56:56]} {[%emt 00:01:20]} Ra5 {[%clk 01:03:51]} {[%emt 00:03:39]}
28. f4 {[%clk 00:55:41]} {[%emt 00:01:45]} Rc8 {[%clk 01:01:24]} {[%emt
00:02:57]} 29. Rc1 {[%clk 00:54:45]} {[%emt 00:01:26]} Kf8 {[%clk 00:56:05]}
{[%emt 00:05:50]} 30. Nd6 {[%clk 00:53:26]} {[%emt 00:01:49]} Rc7 {[%clk
00:55:28]} {[%emt 00:01:06]} 31. Kf2 {[%clk 00:53:09]} {[%emt 00:00:46]} a3
{[%clk 00:51:37]} {[%emt 00:04:22]} 32. b3 {[%clk 00:52:33]} {[%emt 00:01:06]}
Ke7 {[%clk 00:46:33]} {[%emt 00:05:33]} 33. Kf3 {[%clk 00:51:23]} {[%emt
00:01:40]} Ra8 {[%clk 00:44:21]} {[%emt 00:02:43]} 34. Nb5 {[%clk 00:49:27]}
{[%emt 00:02:26]} Rcc8 {[%clk 00:43:48]} {[%emt 00:01:03]} 35. Be4 {[%clk
00:49:12]} {[%emt 00:00:45]} Ra5 {[%clk 00:44:10]} {[%emt 00:00:08]} 36. Nxd4
{[%clk 00:49:15]} {[%emt 00:00:27]} Kd7 {[%clk 00:42:02]} {[%emt 00:02:38]} 37.
Nc2 {[%clk 00:40:07]} {[%emt 00:09:38]} Rd8 {[%clk 00:39:25]} {[%emt 00:03:05]}
38. Ne1 {[%clk 00:37:46]} {[%emt 00:02:53]} Ke6 {[%clk 00:37:59]} {[%emt
00:01:56]} 39. Nd3 {[%clk 00:37:30]} {[%emt 00:00:46]} Ke7 {[%clk 00:35:45]}
{[%emt 00:02:43]} 40. Ke3 {[%clk 00:37:10]} {[%emt 00:00:50]} g5 {[%clk
00:34:36]} {[%emt 00:01:40]} 41. f5 {[%clk 00:36:58]} {[%emt 00:00:43]} f6
{[%clk 00:33:14]} {[%emt 00:01:50]} 42. exf6+ {[%clk 00:34:57]} {[%emt
00:02:31]} Kxf6 {[%clk 00:33:27]} {[%emt 00:00:17]} 43. Nxc5 {[%clk 00:34:45]}
{[%emt 00:00:43]} Rb5 {[%clk 00:30:31]} {[%emt 00:03:26]} 44. Ne6 {[%clk
00:33:43]} {[%emt 00:01:32]} Re8 {[%clk 00:27:53]} {[%emt 00:03:08]} 45. Nc7
{[%clk 00:32:56]} {[%emt 00:01:17]} Rxe4+ {[%clk 00:28:20]} {[%emt 00:00:03]}
46. Kxe4 {[%clk 00:33:16]} {[%emt 00:00:10]} Re5+ {[%clk 00:28:38]} {[%emt
00:00:13]} 47. Kd4 {[%clk 00:33:08]} {[%emt 00:00:38]} Rxf5 {[%clk 00:28:31]}
{[%emt 00:00:36]} 48. Nd5+ {[%clk 00:33:32]} {[%emt 00:00:06]} Ke6 {[%clk
00:28:23]} {[%emt 00:00:37]} 49. Rc6+ {[%clk 00:33:29]} {[%emt 00:00:34]} Kd7
{[%clk 00:28:38]} {[%emt 00:00:15]} 50. Rf6 {[%clk 00:33:45]} {[%emt 00:00:14]}
Rxf6 {[%clk 00:28:30]} {[%emt 00:00:39]} 51. Nxf6+ {[%clk 00:34:09]} {[%emt
00:00:05]} Ke6 {[%clk 00:28:42]} {[%emt 00:00:18]} 52. Nd5 {[%clk 00:34:29]}
{[%emt 00:00:10]} Kf5 {[%clk 00:29:04]} {[%emt 00:00:08]} 53. Ke3 {[%clk
00:34:50]} {[%emt 00:00:09]} g4 {[%clk 00:29:06]} {[%emt 00:00:27]} 54. Nxb4
{[%clk 00:35:10]} {[%emt 00:00:10]} gxh3 {[%clk 00:29:19]} {[%emt 00:00:16]}
55. gxh3 {[%clk 00:35:35]} {[%emt 00:00:06]} Kg5 {[%clk 00:29:34]} {[%emt
00:00:15]} 56. Nc2 {[%clk 00:35:55]} {[%emt 00:00:10]} Kh4 {[%clk 00:29:33]}
{[%emt 00:00:31]} 57. b4 {[%clk 00:36:13]} {[%emt 00:00:12]} Kxh3 {[%clk
00:29:48]} {[%emt 00:00:14]} 58. b5 {[%clk 00:36:39]} {[%emt 00:00:05]} Kg2
{[%clk 00:29:50]} {[%emt 00:00:28]} 59. b6 {[%clk 00:37:02]} {[%emt 00:00:08]}
h5 {[%clk 00:29:50]} {[%emt 00:00:29]} 60. b7 {[%clk 00:37:25]} {[%emt
00:00:07]} 1-0

[Event "DEM U12 2021"]
[Site "Willingen GER"]
[Date "2021.08.24"]
[Round "3"]
[White "Haubold, Christian Lucas"]
[Black "Schuricht, Emil Frederick"]
[Result "1/2-1/2"]
[Termination "normal"]
[Board "3"]
[WhiteElo "1649"]
[BlackElo "1422"]
[WhiteClock "01:26:54"]
[BlackClock "01:11:39"]
[PlyCount "86"]
[WhiteFideId "16259629"]
[BlackFideId "16270185"]
[EventCountry "GER"]
[EventRounds "9"]
[EventType "swiss"]
[EventDate "2021.08.22"]

1. e4 {[%clk 01:26:54]} c6 {[%clk 01:11:39]} 2. d4 {[%clk 01:26:54]} d5 {[%clk
01:11:39]} 3. Nc3 {[%clk 01:26:54]} dxe4 {[%clk 01:11:39]} 4. Nxe4 {[%clk
01:26:54]} Bf5 {[%clk 01:11:39]} 5. Ng3 {[%clk 01:26:54]} Bg6 {[%clk 01:11:39]}
6. Nf3 {[%clk 01:26:54]} Nd7 {[%clk 01:11:39]} 7. Bc4 {[%clk 01:26:54]} e6
{[%clk 01:11:39]} 8. O-O {[%clk 01:26:54]} Ngf6 {[%clk 01:11:39]} 9. Re1 {[%clk
01:26:54]} Be7 {[%clk 01:11:39]} 10. c3 {[%clk 01:26:54]} O-O {[%clk 01:11:39]}
11. Nh4 {[%clk 01:26:54]} c5 {[%clk 01:11:39]} 12. Nxg6 {[%clk 01:26:54]} hxg6
{[%clk 01:11:39]} 13. dxc5 {[%clk 01:26:54]} Bxc5 {[%clk 01:11:39]} 14. Qf3
{[%clk 01:26:54]} Qb6 {[%clk 01:11:39]} 15. h3 {[%clk 01:26:54]} Rfd8 {[%clk
01:11:39]} 16. a4 {[%clk 01:26:54]} Rac8 {[%clk 01:11:39]} 17. Ba2 {[%clk
01:26:54]} Qc6 {[%clk 01:11:39]} 18. Qxc6 {[%clk 01:26:54]} Rxc6 {[%clk
01:11:39]} 19. Bg5 {[%clk 01:26:54]} Nb8 {[%clk 01:11:39]} 20. Ne4 {[%clk
01:26:54]} Nxe4 {[%clk 01:11:39]} 21. Rxe4 {[%clk 01:26:54]} Rd7 {[%clk
01:11:39]} 22. Bc4 {[%clk 01:26:54]} a6 {[%clk 01:11:39]} 23. b3 {[%clk
01:26:54]} Bb6 {[%clk 01:11:39]} 24. a5 {[%clk 01:26:54]} Bc7 {[%clk 01:11:39]}
25. b4 {[%clk 01:26:54]} Rcd6 {[%clk 01:11:39]} 26. Rae1 {[%clk 01:26:54]} Nc6
{[%clk 01:11:39]} 27. g4 {[%clk 01:26:54]} Rd1 {[%clk 01:11:39]} 28. f4 {[%clk
01:26:54]} Kf8 {[%clk 01:11:39]} 29. f5 {[%clk 01:26:54]} gxf5 {[%clk
01:11:39]} 30. gxf5 {[%clk 01:26:54]} Rxe1+ {[%clk 01:11:39]} 31. Rxe1 {[%clk
01:26:54]} exf5 {[%clk 01:11:39]} 32. Rf1 {[%clk 01:26:54]} Be5 {[%clk
01:11:39]} 33. Rc1 {[%clk 01:26:54]} f6 {[%clk 01:11:39]} 34. Be3 {[%clk
01:26:54]} g5 {[%clk 01:11:39]} 35. Be6 {[%clk 01:26:54]} Rd3 {[%clk 01:11:39]}
36. Bc5+ {[%clk 01:26:54]} Ke8 {[%clk 01:11:39]} 37. Bxf5 {[%clk 01:26:54]}
Rxc3 {[%clk 01:11:39]} 38. Bg6+ {[%clk 01:26:54]} Kd7 {[%clk 01:11:39]} 39.
Rd1+ {[%clk 01:26:54]} Ke6 {[%clk 01:11:39]} 40. Be8 {[%clk 01:26:54]} Rc4
{[%clk 01:11:39]} 41. Bd7+ {[%clk 01:26:54]} Kf7 {[%clk 01:11:39]} 42. Bxc6
{[%clk 01:26:54]} bxc6 {[%clk 01:11:39]} 43. Rd7+ {[%clk 01:26:54]} Kg6 {[%clk
01:11:39]} 1/2-1/2

[Event "DEM U12 2021"]
[Site "Willingen GER"]
[Date "2021.08.24"]
[Round "3"]
[White "Chugunov, Ivan"]
[Black "Torosyan, Bagrat"]
[Result "0-1"]
[Termination "normal"]
[Board "4"]
[WhiteElo "1488"]
[BlackElo "1598"]
[WhiteClock "00:24:27"]
[BlackClock "00:58:04"]
[PlyCount "170"]
[WhiteFideId "16256808"]
[BlackFideId "16258134"]
[EventCountry "GER"]
[EventRounds "9"]
[EventType "swiss"]
[EventDate "2021.08.22"]

1. e4 {[%clk 01:30:49]} {[%emt 00:00:09]} c5 {[%clk 01:30:55]} {[%emt
00:00:06]} 2. Nf3 {[%clk 01:31:04]} {[%emt 00:00:14]} d6 {[%clk 01:31:19]}
{[%emt 00:00:07]} 3. d4 {[%clk 01:31:23]} {[%emt 00:00:10]} cxd4 {[%clk
01:31:43]} {[%emt 00:00:06]} 4. Nxd4 {[%clk 01:31:37]} {[%emt 00:00:15]} Nf6
{[%clk 01:32:01]} {[%emt 00:00:12]} 5. Nc3 {[%clk 01:31:54]} {[%emt 00:00:12]}
a6 {[%clk 01:32:27]} {[%emt 00:00:06]} 6. g3 {[%clk 01:32:06]} {[%emt
00:00:18]} e5 {[%clk 01:31:57]} {[%emt 00:01:00]} 7. Nde2 {[%clk 01:32:15]}
{[%emt 00:00:20]} b5 {[%clk 01:31:38]} {[%emt 00:00:49]} 8. Bg2 {[%clk
01:32:20]} {[%emt 00:00:24]} Bb7 {[%clk 01:31:54]} {[%emt 00:00:15]} 9. O-O
{[%clk 01:32:21]} {[%emt 00:00:28]} Nbd7 {[%clk 01:32:05]} {[%emt 00:00:20]}
10. Be3 {[%clk 01:30:00]} {[%emt 00:02:50]} Be7 {[%clk 01:32:17]} {[%emt
00:00:18]} 11. h3 {[%clk 01:29:42]} {[%emt 00:00:47]} O-O {[%clk 01:32:22]}
{[%emt 00:00:26]} 12. g4 {[%clk 01:28:11]} {[%emt 00:02:01]} b4 {[%clk
01:30:11]} {[%emt 00:02:41]} 13. Nd5 {[%clk 01:27:14]} {[%emt 00:01:28]} Nxd5
{[%clk 01:29:19]} {[%emt 00:01:22]} 14. exd5 {[%clk 01:27:09]} {[%emt
00:00:34]} a5 {[%clk 01:28:54]} {[%emt 00:00:56]} 15. Qd2 {[%clk 01:25:43]}
{[%emt 00:01:54]} Nb6 {[%clk 01:25:38]} {[%emt 00:03:48]} 16. Bxb6 {[%clk
01:18:43]} {[%emt 00:07:30]} Qxb6 {[%clk 01:25:40]} {[%emt 00:00:28]} 17. Ng3
{[%clk 01:18:45]} {[%emt 00:00:27]} g6 {[%clk 01:24:39]} {[%emt 00:01:32]} 18.
g5 {[%clk 01:16:02]} {[%emt 00:03:13]} f5 {[%clk 01:23:40]} {[%emt 00:01:30]}
19. gxf6 {[%clk 01:15:15]} {[%emt 00:01:17]} Bxf6 {[%clk 01:23:46]} {[%emt
00:00:24]} 20. Ne4 {[%clk 01:12:55]} {[%emt 00:02:49]} Be7 {[%clk 01:18:50]}
{[%emt 00:05:27]} 21. Rfc1 {[%clk 01:11:37]} {[%emt 00:01:47]} Rf4 {[%clk
01:17:10]} {[%emt 00:02:11]} 22. c4 {[%clk 01:08:21]} {[%emt 00:03:47]} Raf8
{[%clk 01:15:25]} {[%emt 00:02:15]} 23. b3 {[%clk 01:00:52]} {[%emt 00:07:59]}
Bh4 {[%clk 01:05:20]} {[%emt 00:10:34]} 24. Rf1 {[%clk 00:57:23]} {[%emt
00:03:59]} Bc8 {[%clk 01:02:26]} {[%emt 00:03:26]} 25. Rae1 {[%clk 00:48:41]}
{[%emt 00:09:11]} Bf5 {[%clk 00:59:13]} {[%emt 00:03:45]} 26. Re2 {[%clk
00:35:11]} {[%emt 00:13:59]} Bxe4 {[%clk 00:50:55]} {[%emt 00:08:49]} 27. Bxe4
{[%clk 00:32:07]} {[%emt 00:03:33]} g5 {[%clk 00:43:41]} {[%emt 00:07:45]} 28.
Bg2 {[%clk 00:26:18]} {[%emt 00:06:17]} h5 {[%clk 00:42:34]} {[%emt 00:01:38]}
29. Qe3 {[%clk 00:23:20]} {[%emt 00:03:29]} Qxe3 {[%clk 00:41:08]} {[%emt
00:01:56]} 30. fxe3 {[%clk 00:22:53]} {[%emt 00:00:56]} Rxf1+ {[%clk 00:41:20]}
{[%emt 00:00:19]} 31. Bxf1 {[%clk 00:23:08]} {[%emt 00:00:14]} g4 {[%clk
00:41:39]} {[%emt 00:00:12]} 32. hxg4 {[%clk 00:21:13]} {[%emt 00:02:25]} hxg4
{[%clk 00:42:04]} {[%emt 00:00:05]} 33. Bg2 {[%clk 00:17:46]} {[%emt 00:03:55]}
Kf7 {[%clk 00:39:22]} {[%emt 00:03:13]} 34. Be4 {[%clk 00:17:30]} {[%emt
00:00:46]} Ke7 {[%clk 00:39:38]} {[%emt 00:00:15]} 35. Rh2 {[%clk 00:10:52]}
{[%emt 00:07:06]} Bg5 {[%clk 00:36:55]} {[%emt 00:03:13]} 36. Re2 {[%clk
00:10:17]} {[%emt 00:01:05]} Kd7 {[%clk 00:35:14]} {[%emt 00:02:11]} 37. Kg2
{[%clk 00:10:07]} {[%emt 00:00:40]} Bh4 {[%clk 00:34:44]} {[%emt 00:01:00]} 38.
Kg1 {[%clk 00:10:25]} {[%emt 00:00:12]} Rf7 {[%clk 00:34:05]} {[%emt 00:01:09]}
39. Rh2 {[%clk 00:10:35]} {[%emt 00:00:19]} Bg5 {[%clk 00:34:23]} {[%emt
00:00:13]} 40. Re2 {[%clk 00:10:54]} {[%emt 00:00:10]} Kc7 {[%clk 00:34:44]}
{[%emt 00:00:10]} 41. Kg2 {[%clk 00:11:04]} {[%emt 00:00:20]} Bh4 {[%clk
00:35:08]} {[%emt 00:00:06]} 42. Kg1 {[%clk 00:10:19]} {[%emt 00:01:14]} Kb6
{[%clk 00:34:38]} {[%emt 00:01:01]} 43. Rh2 {[%clk 00:10:33]} {[%emt 00:00:16]}
Bg5 {[%clk 00:35:03]} {[%emt 00:00:06]} 44. Re2 {[%clk 00:10:55]} {[%emt
00:00:07]} Rf8 {[%emt 00:01:45]} 45. Re1 {[%clk 00:08:45]} {[%emt 00:02:21]}
Rh8 {[%clk 00:32:17]} {[%emt 00:02:20]} 46. Bg2 {[%clk 00:08:49]} {[%emt
00:00:25]} Kc5 {[%clk 00:31:36]} {[%emt 00:01:12]} 47. Re2 {[%clk 00:07:44]}
{[%emt 00:01:35]} a4 {[%clk 00:31:14]} {[%emt 00:00:53]} 48. Kf2 {[%clk
00:05:06]} {[%emt 00:03:07]} Bh4+ {[%clk 00:31:05]} {[%emt 00:00:39]} 49. Kg1
{[%clk 00:05:23]} {[%emt 00:00:12]} axb3 {[%clk 00:31:11]} {[%emt 00:00:25]}
50. axb3 {[%clk 00:05:42]} {[%emt 00:00:11]} Ra8 {[%clk 00:31:25]} {[%emt
00:00:16]} 51. Be4 {[%clk 00:05:15]} {[%emt 00:00:55]} Ra3 {[%clk 00:28:24]}
{[%emt 00:03:32]} 52. Bc2 {[%clk 00:05:20]} {[%emt 00:00:24]} Ra1+ {[%clk
00:27:37]} {[%emt 00:01:18]} 53. Kg2 {[%clk 00:04:52]} {[%emt 00:00:58]} Rc1
{[%clk 00:27:20]} {[%emt 00:00:47]} 54. Kh2 {[%clk 00:01:18]} {[%emt 00:04:02]}
Bg5 {[%clk 00:21:42]} {[%emt 00:06:10]} 55. Kg3 {[%clk 00:29:53]} {[%emt
00:01:54]} Bxe3 {[%clk 00:51:45]} {[%emt 00:00:28]} 56. Rxe3 {[%clk 00:29:58]}
{[%emt 00:00:24]} Rxc2 {[%clk 00:52:10]} {[%emt 00:00:05]} 57. Kxg4 {[%clk
00:30:02]} {[%emt 00:00:25]} Rc3 {[%clk 00:52:32]} {[%emt 00:00:08]} 58. Rf3
{[%clk 00:28:59]} {[%emt 00:01:33]} Kd4 {[%clk 00:52:09]} {[%emt 00:00:54]} 59.
Rg3 {[%clk 00:19:33]} {[%emt 00:09:56]} e4 {[%clk 00:51:40]} {[%emt 00:00:59]}
60. Kh3 {[%clk 00:19:09]} {[%emt 00:00:53]} e3 {[%clk 00:51:45]} {[%emt
00:00:26]} 61. Rg4+ {[%clk 00:18:53]} {[%emt 00:00:46]} Kc5 {[%clk 00:52:06]}
{[%emt 00:00:09]} 62. Kg2 {[%clk 00:18:23]} {[%emt 00:00:58]} Rxb3 {[%clk
00:51:47]} {[%emt 00:00:50]} 63. Kf3 {[%clk 00:17:32]} {[%emt 00:01:20]} Rc3
{[%clk 00:51:49]} {[%emt 00:00:27]} 64. Re4 {[%clk 00:17:29]} {[%emt 00:00:35]}
Rxc4 {[%clk 00:51:46]} {[%emt 00:00:33]} 65. Rxe3 {[%clk 00:17:38]} {[%emt
00:00:21]} Rc3 {[%clk 00:52:09]} {[%emt 00:00:07]} 66. Rxc3+ {[%clk 00:17:54]}
{[%emt 00:00:14]} bxc3 {[%clk 00:52:34]} {[%emt 00:00:05]} 67. Ke2 {[%clk
00:18:11]} {[%emt 00:00:13]} Kd4 {[%clk 00:52:54]} {[%emt 00:00:10]} 68. Kd1
{[%clk 00:18:14]} {[%emt 00:00:27]} Kxd5 {[%clk 00:53:18]} {[%emt 00:00:06]}
69. Kc2 {[%clk 00:18:37]} {[%emt 00:00:06]} Kc4 {[%clk 00:53:40]} {[%emt
00:00:09]} 70. Kc1 {[%clk 00:18:55]} {[%emt 00:00:12]} d5 {[%clk 00:54:06]}
{[%emt 00:00:05]} 71. Kc2 {[%clk 00:19:20]} {[%emt 00:00:04]} d4 {[%clk
00:54:32]} {[%emt 00:00:04]} 72. Kc1 {[%clk 00:19:46]} {[%emt 00:00:04]} d3
{[%clk 00:54:44]} {[%emt 00:00:19]} 73. Kd1 {[%clk 00:20:09]} {[%emt 00:00:06]}
d2 {[%clk 00:54:40]} {[%emt 00:00:34]} 74. Kc2 {[%clk 00:20:31]} {[%emt
00:00:08]} d1=Q+ {[%clk 00:54:53]} {[%emt 00:00:17]} 75. Kxd1 {[%clk 00:20:52]}
{[%emt 00:00:09]} Kd3 {[%clk 00:55:16]} {[%emt 00:00:08]} 76. Kc1 {[%clk
00:21:12]} {[%emt 00:00:10]} c2 {[%clk 00:55:39]} {[%emt 00:00:07]} 77. Kb2
{[%clk 00:21:34]} {[%emt 00:00:08]} Kd2 {[%clk 00:56:04]} {[%emt 00:00:06]} 78.
Kb3 {[%clk 00:21:51]} {[%emt 00:00:13]} c1=Q {[%clk 00:56:17]} {[%emt
00:00:17]} 79. Ka2 {[%clk 00:22:16]} {[%emt 00:00:04]} Qc2+ {[%clk 00:56:32]}
{[%emt 00:00:15]} 80. Ka1 {[%clk 00:22:36]} {[%emt 00:00:10]} Qc3+ {[%clk
00:56:33]} {[%emt 00:00:29]} 81. Kb1 {[%clk 00:22:54]} {[%emt 00:00:12]} Ke3
{[%clk 00:56:48]} {[%emt 00:00:16]} 82. Ka2 {[%clk 00:23:17]} {[%emt 00:00:07]}
Qb4 {[%clk 00:57:14]} {[%emt 00:00:04]} 83. Ka1 {[%clk 00:23:41]} {[%emt
00:00:05]} Kd3 {[%clk 00:57:39]} {[%emt 00:00:04]} 84. Ka2 {[%clk 00:24:04]}
{[%emt 00:00:07]} Kc2 {[%clk 00:58:04]} {[%emt 00:00:05]} 85. Ka1 {[%clk
00:24:27]} {[%emt 00:00:07]} Qa4# {[%emt 00:00:05]} 0-1